Empreintes d'animaux - Clic Quiz - Statistiques

Statistiques générales
  • Ce quiz a été pris 4 286 fois
  • Le résultat moyen est 12 sur 20
Statistiques - réponses
Hint Extra Hint Réponse % Correct
Humain

87%
Poulet

86%
Chat

85%
Eléphant

78%
Grenouille

77%
Loup

71%
Lièvre (pattes arrière)

71%
Ours brun (pattes avant)

71%
Gorille (pattes arrière)

67%
Cheval

57%
Canard

55%
Koala (pattes avant)

51%
Porc

48%
Tyrannosaure

48%
Chameau

40%
Rhinocéros

39%
Crocodile (pattes avant)

38%
Lémurien (pattes avant)

31%
Kangourou (pattes arrière)

29%
Vache / Buffle

26%
Aucun quiz correspondant
Distribution des résultats
% des personnes avec chaque résultat
Percentile par nombre de réponses
Votre historique - résultats
Vous n’avez pas pris ce quiz